| 000 | 04098cam a2200793 i 4500 | ||
|---|---|---|---|
| 001 | xx004726909 | ||
| 003 | NUKAT | ||
| 005 | 20260416112619.0 | ||
| 008 | 191021s2019 pl a |001 0dpol c | ||
| 020 |
_a9788380982673 _q(oprawa twarda ; seria) |
||
| 020 |
_a9788380987074 _q(oprawa twarda) : _czł 30,00 |
||
| 020 |
_a9788380905764 _q(oprawa twarda ; _qWydawnictwo Naukowego UKSW) : _czł 30,00 |
||
| 035 | _a(OCoLC)1413490436 | ||
| 035 | _a(NUKAT)xx004726909 | ||
| 040 |
_aKAT U/JP _bpol _erda _cKAT U/JP _dKAT U/AW _dKR 283/MW _dKAT U/AF _dOLSZT 008/bak |
||
| 045 | 0 | _bd1961 | |
| 046 |
_k2019 _o1961 |
||
| 100 | 0 |
_aStefan Wyszyński _c(błogosławiony ; _d1901-1981). _eAutor _913034 |
|
| 245 | 1 | 0 |
_aPro memoria. _nT. 8, _p1961 / _cStefan Wyszyński ; redaktor naukowy tomu Monika Wiśniewska. |
| 260 |
_aGniezno : _bArchidiecezja Gnieźnieńska ; _aWarszawa : _bArchidiecezja Warszawska : _bInstytut Pamięci Narodowej - Komisja Ścigania Zbrodni przeciwko Narodowi Polskiemu : _bUniwersytet Kardynała Stefana Wyszyńskiego, _c© 2019. |
||
| 300 |
_aXIV, [2], 269, [2] strony : _bilustracje ; _c25 cm. |
||
| 336 |
_aTekst _btxt _2rdacontent |
||
| 337 |
_aBez urządzenia pośredniczącego _bn _2rdamedia |
||
| 338 |
_aWolumin _bnc _2rdacarrier |
||
| 380 | _aKsiążki | ||
| 380 | _aPublikacje naukowe | ||
| 380 | _aLiteratura faktu, eseje, publicystyka | ||
| 388 | 1 | _a1901-2000 | |
| 388 | 1 | _a1945-1989 | |
| 388 | 1 | _a2001- | |
| 490 | 1 | _aKościół Katolicki w Dokumentach | |
| 490 | 1 | _aCentralny Projekt Badawczy IPN - Władze Komunistyczne wobec Kościołów i Związków Wyznaniowych w Polsce 1944-1989 | |
| 500 | _aAdres wydawniczy na podstawie formuły copyrightu ze strony redakcyjnej. | ||
| 504 | _aIndeks. | ||
| 536 | _aPublikacja powstała w ramach Centralnego Projektu Badawczego Instytutu Pamięci Narodowej "Władze komunistyczne wobec Kościołów i związków wyznaniowych w Polsce 1944-1989" | ||
| 536 |
_aPublikacja finansowana w ramach programu Ministra Nauki i Szkolnictwa Wyższego pod nazwą "Polemiki polskiej myśli filozoficznej, teologicznej i społecznej XX i XXI wieku" w latach 2016-2021 _d0013/FIL/2016/20 |
||
| 600 | 0 | 7 |
_aStefan Wyszyński _c(błogosławiony ; _d1901-1981) _vdzienniki intymne. _2kaba _916508 |
| 600 | 0 | 7 |
_aStefan Wyszyński _c(błogosławiony ; _d1901-1981) _2DBN _939675 |
| 610 | 2 | 7 |
_aKościół katolicki _2DBN _937102 |
| 648 | 7 |
_a1901-2000 _2DBN _934996 |
|
| 648 | 7 |
_a1945-1989 _2DBN _936043 |
|
| 650 | 7 |
_aDuchowieństwo katolickie _2DBN _935375 |
|
| 650 | 7 |
_aDuszpasterstwo _2DBN _937456 |
|
| 650 | 7 |
_aKatolicyzm _2DBN _935191 |
|
| 650 | 7 |
_aKościół a państwo _2DBN _935883 |
|
| 650 | 7 |
_aPolityka wyznaniowa _2DBN _937432 |
|
| 650 | 7 |
_aPRL _2DBN _935084 |
|
| 650 | 7 |
_aPrymasi _2DBN _935376 |
|
| 651 | 7 |
_aPolska _2DBN _935076 |
|
| 651 | 7 |
_aWatykan _2DBN _939441 |
|
| 655 | 7 |
_aDzienniki _2DBN _934951 |
|
| 655 | 7 |
_aEdycja krytyczna _2DBN _935006 |
|
| 655 | 7 |
_aWydawnictwo źródłowe _2DBN _935066 |
|
| 658 | _aReligia i duchowość | ||
| 658 | _aPolityka, politologia, administracja publiczna | ||
| 658 | _aHistoria | ||
| 700 | 1 |
_aWiśniewska, Monika _c(zakonnica). _eRedakcja _940153 |
|
| 710 | 2 |
_aEcclesia Catholica. _bArchidiecezja Gnieźnieńska. _eWydawca _4pbl _916408 |
|
| 710 | 2 |
_aEcclesia Catholica. _bArchidiecezja Warszawska. _eWydawca _4pbl _916409 |
|
| 710 | 2 |
_aInstytut Pamięci Narodowej - Komisja Ścigania Zbrodni przeciwko Narodowi Polskiemu. _eInstytucja sprawcza _911792 |
|
| 710 | 2 |
_aInstytut Pamięci Narodowej - Komisja Ścigania Zbrodni przeciwko Narodowi Polskiemu. _bWydawnictwo. _eWydawca _4pbl _918358 |
|
| 710 | 2 |
_aUniwersytet Kardynała Stefana Wyszyńskiego (Warszawa). _bWydawnictwo. _eWydawca _4pbl _918588 |
|
| 830 | 0 |
_aKościół Katolicki w Dokumentach _914502 |
|
| 830 | 0 |
_aWładze Komunistyczne wobec Kościołów i Związków Wyznaniowych w Polsce 1944-1989 _918363 |
|
| 920 | _a978-83-8098-267-3 (oprawa twarda ; seria) | ||
| 920 | _a978-83-8098-707-4 (oprawa twarda) : zł 30,00 | ||
| 920 | _a978-83-8090-576-4 (oprawa twarda ; Wydawnictwo Naukowego UKSW) : zł 30,00 | ||
| 942 |
_2ddc _cBK_NM |
||
| 999 |
_c27608 _d27608 |
||